[Event "GER-chT Federal Cup (Women)"]
[Site "Braunfels"]
[Date "2019.06.22"]
[Round "4.46"]
[White "Frank, Michelle Viviane"]
[Black "Von Beckh, Frieda"]
[Result "1/2-1/2"]
[WhiteElo "1915"]
[BlackElo "1465"]
[PlyCount "140"]
[EventDate "2019.06.20"]
[EventType "team-swiss"]
[EventRounds "5"]
[EventCountry "GER"]
[SourceTitle "CBM 191 Extra"]
[Source "ChessBase"]
[SourceDate "2019.09.30"]
[SourceVersion "1"]
[SourceVersionDate "2019.09.30"]
[SourceQuality "1"]

1. d4 d5 2. c4 e6 3. Nc3 Nf6 4. Bg5 Nbd7 5. cxd5 exd5 6. Qc2 Nb6 7. e3 Bb4 8. Bd3 h6 9. Bh4 Be6 10. Nge2 0-0 11. Nf4 Bd7 12. Nh5 Be7 13. Bxf6 Bxf6 14. Bf5 Bxf5 15. Qxf5 Bg5 16. Qc2 Re8 17. 0-0 Qd7 18. Ng3 Qc6 19. Rac1 a5 20. Qe2 Qc4 21. Qg4 Qb4 22. f4 Bf6 23. Nh5 Re6 24. f5 Rd6 25. Nxg7 Bg5 26. Nh5 Kh8 27. Nd1 Rg8 28. Qe2 Nc4 29. Rc3 a4 30. b3 axb3 31. axb3 Nxe3 32. Rxe3 Qxd4 33. Kh1 Bxe3 34. Qxe3 Qxe3 35. Nxe3 d4 36. Nc4 Ra6 37. Ne5 Rf8 38. g4 Rd6 39. Nc4 Rdd8 40. Nf4 Rfe8 41. Nd3 c5 42. Nxc5 d3 43. Rd1 d2 44. Rxd2 Rxd2 45. Nxd2 Re1+ 46. Kg2 Re2+ 47. Kg3 Rxd2 48. Nxb7 Rd3+ 49. Kf4 Rxb3 50. Nd6 Kg7 51. Ne4 Rh3 52. Nf2 Rxh2 53. Kg3 Rxf2 54. Kxf2 Kf6 55. Kg3 Kg5 56. Kf3 h5 57. gxh5 Kxh5 58. Ke4 Kg4 59. f6 Kg5 60. Kf3 Kxf6 61. Kf4 Ke6 62. Ke4 f5+ 63. Kf3 Ke5 64. Ke3 f4+ 65. Kf3 Kf5 66. Kf2 Ke4 67. Ke2 f3+ 68. Kf1 Ke3 69. Ke1 f2+ 70. Kf1 Kf3 1/2-1/2

[Event "Regionalliga SW 1718 (Women)"]
[Site "Germany"]
[Date "2018.02.18"]
[Round "5.1"]
[White "Mader, Lena"]
[Black "Frank, Michelle Viviane"]
[Result "1/2-1/2"]
[WhiteElo "1834"]
[BlackElo "1915"]
[PlyCount "103"]
[EventDate "2017.10.15"]
[EventType "team-tourn"]
[EventRounds "5"]
[EventCountry "GER"]
[SourceTitle "CBM 183 Extra"]
[Source "ChessBase"]
[SourceDate "2018.04.19"]
[SourceVersion "1"]
[SourceVersionDate "2018.04.19"]
[SourceQuality "1"]
[WhiteTeam "Birkenfeld (W)"]
[BlackTeam "Oberhessen (W)"]
[WhiteTeamCountry "GER"]
[BlackTeamCountry "GER"]

1. c4 Nf6 2. Nc3 g6 3. Nf3 Bg7 4. d4 d6 5. g3 0-0 6. Bg2 Nc6 7. 0-0 a6 8. b3 Rb8 9. Bb2 b5 10. cxb5 axb5 11. e3 Na5 12. Qc2 c6 13. Rfc1 Re8 14. Nd2 d5 15. Nf3 Bf5 16. Qd2 Ne4 17. Nxe4 dxe4 18. Nh4 Rc8 19. Nxf5 gxf5 20. Qe2 Nb7 21. Bh3 e6 22. Rc2 Qd7 23. Rac1 Rc7 24. Qh5 Rec8 25. Qg5 h6 26. Qh5 c5 27. Rd1 c4 28. bxc4 Rxc4 29. Rxc4 Rxc4 30. Rd2 Qc6 31. Qe2 Nd6 32. Bf1 Ra4 33. Rc2 Nc4 34. Ba1 Qa6 35. Kg2 Ra3 36. Bc3 Qa4 37. h3 Bf8 38. g4 fxg4 39. hxg4 Bb4 40. Bxb4 Qxb4 41. Kh3 Qd6 42. Qe1 Rd3 43. Kg2 Qa3 44. Bxd3 exd3 45. Rc3 Qb4 46. Qa1 d2 47. Rb3 Qxb3 48. axb3 Nb2 49. Qxb2 d1Q 50. f3 b4 51. e4 Qd3 52. Kf2 1/2-1/2

[Event "Regionalliga SW 1718 (Women)"]
[Site "Germany"]
[Date "2018.01.28"]
[Round "4.1"]
[White "Frank, Michelle Viviane"]
[Black "Schwamb, Gisela"]
[Result "1-0"]
[WhiteElo "1915"]
[BlackElo "1483"]
[PlyCount "83"]
[EventDate "2017.10.15"]
[EventType "team-tourn"]
[EventRounds "5"]
[EventCountry "GER"]
[SourceTitle "CBM 183 Extra"]
[Source "ChessBase"]
[SourceDate "2018.04.19"]
[SourceVersion "1"]
[SourceVersionDate "2018.04.19"]
[SourceQuality "1"]
[WhiteTeam "Oberhessen (W)"]
[BlackTeam "Eschborn (W)"]
[WhiteTeamCountry "GER"]
[BlackTeamCountry "GER"]

1. d4 f5 2. e4 e6 3. Nc3 Nf6 4. e5 Ne4 5. Nxe4 fxe4 6. Qg4 d6 7. Bg5 Be7 8. Bxe7 Qxe7 9. exd6 cxd6 10. Qxe4 0-0 11. Bd3 g6 12. 0-0-0 Nc6 13. Nf3 Nb4 14. h4 Nxd3+ 15. Qxd3 Qf6 16. Rhe1 h6 17. Kb1 b6 18. Qa3 Rd8 19. Rd3 Bb7 20. Rde3 Bd5 21. Qd3 Re8 22. c4 Bc6 23. c5 Rad8 24. cxd6 Rxd6 25. Ne5 Qf5 26. Qxf5 gxf5 27. Nxc6 Rxc6 28. d5 Rd6 29. Rxe6 Rexe6 30. Rxe6 Rxe6 31. dxe6 Kf8 32. Kc2 Ke7 33. Kd3 Kxe6 34. Ke3 Ke5 35. g3 h5 36. f3 a6 37. Kd3 b5 38. b4 Kd5 39. Ke3 Kc4 40. g4 fxg4 41. fxg4 hxg4 42. h5 1-0